| 000 | 00572nam a2200205Ia 4500 | ||
|---|---|---|---|
| 003 | OSt | ||
| 005 | 20191228103425.0 | ||
| 008 | 190216s9999||||xx |||||||||||||| ||und|| | ||
| 020 | _a9971513838 | ||
| 020 | _a9788126510955 | ||
| 040 | _coclc | ||
| 082 |
_a330.015195 _bMAD/I |
||
| 100 |
_aMaddala, G S _9461 |
||
| 245 | 0 |
_aIntroduction To Econometrics / _cG S Maddala |
|
| 250 | _a3rd ed. | ||
| 260 |
_bJohn Wiley & Sons, _c2002. _aEngland: |
||
| 300 | _a636 p | ||
| 650 | _aEconomics | ||
| 942 |
_cBK _2ddc _h330.015195 _iMAD/I _k330.015195 _mMAD/I |
||
| 999 |
_c10575 _d10575 |
||